00485nam a2200193 a 4500001001300000003000900013005001700022008004100039020000800080082001600088100002500104245002200129260004100151300000900192500003500201505001200236650001800248700002500266nice12345678IN_TiNIC20260116011349.0050524s1949 luca grp 000 0 urd  ac100a297.52bNOM aNomani, Mohd Manzoor aNamaz Ki Haqeeqat aLucknowbGulzar-E-syedi Press c1949 a128p aincludes index and biblioraphy2 aIndexes aIslam-Prayers1 aNomani, Mohd Manzoor